000 00294nam a22001337a 4500
008 210302b ||||| |||| 00| 0 eng d
020 _a0721629636
041 _aeng
080 _a611
100 _a6
101 _aANA
245 _aFetal and Neonatal Physiology
_cPolin,A.R
942 _2udc
_cBK
999 _c55527
_d55527